000 00904nam a2200229 a 4500
003 CBULib
005 20240529130155.0
008 110510s2010 ||||||||||||||||| || u
040 _aCBULib
_bEnglish
_cCBULib
_dCBULib
_erda
050 _aUN-ECE(02)2010/13
110 _aUnited Nations Economic Commission for Europe (UNECE)
245 1 0 _aDeveloping gender statistics: a practical tool
_c/ by Reference manual prepared by the UNECE Task Force on Gender Statistics Training for Statisticians
260 _aGeneva
_bUnited Nations Economic Commission for Europe (UNECE)
_c2010
300 _av, 175 pages.: illustrations
336 _2rdacontent
_aText |
_btxt
337 _2rdamedia
_aUnmediated |
_bn
338 _2rdacarrier
_aVolume
_bnc
650 0 _aGENDER--STATISTICS
_92938
650 0 _aPOPULATION
_91553
942 _2mc
_c029
999 _c39897
_d39897